| 000 | 00948nam a22002777a 4500 | ||
|---|---|---|---|
| 999 |
_c28984 _d28955 |
||
| 003 | EG-ScBUE | ||
| 005 | 20201024092125.0 | ||
| 008 | 200219s2015 ua bo f 000 0 ara d | ||
| 017 | _a2014/22656 | ||
| 020 | _a9789770933145 | ||
| 040 |
_aEG-ScBUE _bara _erda _cEG-ScBUE _dEG-ScBUE |
||
| 082 | 0 | 4 |
_a327.117 _bف و د _222 |
| 100 | 1 |
_aفوده، يسري، _d1964- _eمؤلف. |
|
| 245 | 1 | 0 |
_aفي طريق الأذى : _bمن معاقل القاعدة إلى حواضن داعش / _cيسري فوده. |
| 250 | _aالطبعة الرابعة. | ||
| 264 | 1 |
_aالقاهرة، مصر : _bدار الشروق، _c2015. |
|
| 300 |
_a234 صفحة : _bخرائط، صور ؛ _c24 سم |
||
| 336 |
_2rdacontent _aنص _btxt |
||
| 337 |
_2rdamedia _aبدون وسيط _bn |
||
| 338 |
_2rdacarrier _aمجلد _bnc |
||
| 650 | 7 |
_aالإرهاب. _2BUEsh |
|
| 651 | _2BUEsh | ||
| 653 |
_bBUSBOL _cOctober2020 |
||
| 655 |
_vReading book _934232 |
||
| 942 | _2ddc | ||